| 000 | 00852nam a22001577a 4500 | ||
|---|---|---|---|
| 003 | OSt | ||
| 005 | 20150918095531.0 | ||
| 008 | 150918b xxu||||| |||| 00| 0 eng d | ||
| 040 | _cRUA | ||
| 082 | _aAGR SAR 2005 B031 Or.1 | ||
| 100 |
_9729 _aSRA, BORA. |
||
| 245 | _aStudy on biological traits of camalina sativa on irrigation condition at backenh village sangkat prekleap khan russey keo phnom penh city សិក្សាលក្ខណៈជីវសាស្ដ្រដំណាំកាមេលីណា សាទីវ៉ា ក្នុងល័ក្ខខ័ណ្ឌស្រោចស្រព នៅភូមិបាក់ខែង ឃុំ ព្រែកលៀប ខ័ណ្ឌឬស្សីកែវ ក្រុងភ្នំពេញ | ||
| 260 |
_aPhnom Penh _bRUA _c2005 |
||
| 300 |
_axiii; 44p. _bill. _c29cm. |
||
| 942 |
_2ddc _cAGR |
||
| 999 |
_c702 _d702 |
||